| 000 | 00789nam a22002177a 4500 | ||
|---|---|---|---|
| 999 |
_c16146 _d16146 |
||
| 003 | AR-CdUCM | ||
| 008 | 190502b ||||| |||| 00| 0 spa d | ||
| 040 |
_aMUNICIPALIDAD PROVINCIAL DEL CUSCO _cBIBLIOTECA MUNICIPAL DEL CUSCO |
||
| 082 |
_a868.6 / _bC39 |
||
| 100 |
_aCela, Camilo José _9347 |
||
| 245 | _aMis páginas preferidas / | ||
| 260 |
_aMadrid : _bEdit. Gredos, _c1956. |
||
| 300 |
_a414 páginas ; _c20 cm. |
||
| 440 |
_aBiblioteca románica hispánica _nVI antología hispánica _935435 |
||
| 505 | _aContenido: La familia de Pascual Duarte -- Pabellón de reposo -- Nuevas andanzas y desventuras de Lazarillo de Tormes... | ||
| 650 |
_aNovela española _9192 |
||
| 650 |
_aResúmenes _924441 |
||
| 650 |
_aSiglo XX _98 |
||
| 942 |
_2ddc _cLIBROS |
||
| 945 |
_adavv _d02/05/2019 |
||